Podpora QoS v sieťach MPLS s využitím smerovačov CISCO

Gespeichert in:
Bibliographische Detailangaben
1. Verfasser: Kupči, Michal (Verfasst von)
Weitere Verfasser: Medvecký, Martin (Betreuung Doktorarbeit)
Format: Manuskript Buch
Sprache:Slowakisch
Veröffentlicht: 2016
Schlagworte:
Online-Zugang:http://is.stuba.sk/zp/portal_zp.pl?podrobnosti=107407
Tags: Tag hinzufügen
Keine Tags, Fügen Sie das erste Tag hinzu!

MARC

LEADER 00000ntm a22000003a 4500
001 stuzp56612
003 SK-STU
005 20160811094953.4
007 ta
008 150427s2015----xo-----f-mn---000-0-slo-d
040 |a STU  |b slo 
041 0 |a slo 
044 |a xo 
100 1 |a Kupči, Michal  |u 037000  |4 aut  |U FEI Fakulta elektrotechniky a informatiky  |T FEI Ústav telekomunikácií  |X 73049  |U E070  |Y 818  |7 73049 
242 0 1 |a The QoS provisioning in MPLS networks using CISCO routers  |y eng 
245 1 0 |a Podpora QoS v sieťach MPLS s využitím smerovačov CISCO 
260 |c 2016 
300 |a 64 s., príl.,  |b CD-ROM 
650 4 |a DiffServ  |2 eng 
650 4 |a QoS  |2 eng 
650 4 |a MPLS  |2 eng 
650 4 |a GNS3  |2 eng 
650 4 |a CISCO  |2 eng 
650 4 |a CISCO  |2 slo 
650 4 |a GNS3  |2 slo 
650 4 |a QoS  |2 slo 
650 4 |a MPLS  |2 slo 
650 4 |a DiffServ  |2 slo 
700 1 |a Medvecký, Martin  |u 037000  |k Z1  |4 ths  |U FEI Fakulta elektrotechniky a informatiky  |T FEI Ústav telekomunikácií  |X 1980  |U E070  |Y 818  |7 A000001980 
856 4 |u http://is.stuba.sk/zp/portal_zp.pl?podrobnosti=107407 
996 |b 284ER02126  |c E*Bc- 2126  |l EE37  |s P  |a 0  |w stuzp56612_0001 
SQL |a stuzp56612  |b DBP  |c SLO  |d Podpora QoS v sieťach MPLS s využitím smerovačov CISCO  |e 73049  |f Kupči, Michal  |g 037000  |h 1980  |i Medvecký, Martin  |j 20160706  |k 78  |l 03  |m http://is.stuba.sk/zp/portal_zp.pl?podrobnosti=107407  |n B-TLK  |o 5.2.15. telekomunikácie